Human Resourcing Challenges of The Smart Grids Deployment Projects in Russia; MATEC Web of Conferences; Vol. 91 : Smart Grids 2017

Bibliographische Detailangaben
Parent link:MATEC Web of Conferences
Vol. 91 : Smart Grids 2017.— 2017.— [01016, 4 p.]
1. Verfasser: Chmykhalo A. Yu. Aleksandr Yurievich
Körperschaften: Национальный исследовательский Томский политехнический университет (ТПУ) Институт социально-гуманитарных технологий (ИСГТ) Кафедра истории и философии науки и техники (ИФНТ), Национальный исследовательский Томский политехнический университет (ТПУ) Институт социально-гуманитарных технологий (ИСГТ) Кафедра иностранных языков (ИЯСГТ)
Weitere Verfasser: Khaliulina V. R. Vasilya, Mikhaylova (Mikhailova) O. V. Olga Vladimirovna
Zusammenfassung:Title screen
The article addresses the issue of the causes of human resources gaps for the implementation of projects for the deployment of intelligent electricity grids. The "focus group" research technique used in Tomsk Polytechnic University enabled to identify numerous barriers encountered by present-day engineering students in Russia on the path of their professional development. The barriers explored impede greatly the creation and introduction of state-of-the-art technological systems, Smart Grid being one of them. The elimination of those barriers will accelerate the accomplishment of the Smart Grid project.
Sprache:Englisch
Veröffentlicht: 2017
Schlagworte:
Online-Zugang:http://dx.doi.org/10.1051/matecconf/20179101016
http://earchive.tpu.ru/handle/11683/36604
Format: MixedMaterials Elektronisch Buchkapitel
KOHA link:https://koha.lib.tpu.ru/cgi-bin/koha/opac-detail.pl?biblionumber=652894

MARC

LEADER 00000nla2a2200000 4500
001 652894
005 20240118091826.0
035 |a (RuTPU)RU\TPU\network\18265 
035 |a RU\TPU\network\18260 
090 |a 652894 
100 |a 20170131a2017 k y0engy50 ba 
101 0 |a eng 
105 |a y z 100zy 
135 |a drgn ---uucaa 
181 0 |a i  
182 0 |a b 
200 1 |a Human Resourcing Challenges of The Smart Grids Deployment Projects in Russia  |f A. Yu. Chmykhalo, V. R. Khaliulina, O. V. Mikhaylova (Mikhailova) 
203 |a Text  |c electronic 
300 |a Title screen 
320 |a [References: 9 tit.] 
330 |a The article addresses the issue of the causes of human resources gaps for the implementation of projects for the deployment of intelligent electricity grids. The "focus group" research technique used in Tomsk Polytechnic University enabled to identify numerous barriers encountered by present-day engineering students in Russia on the path of their professional development. The barriers explored impede greatly the creation and introduction of state-of-the-art technological systems, Smart Grid being one of them. The elimination of those barriers will accelerate the accomplishment of the Smart Grid project. 
461 0 |0 (RuTPU)RU\TPU\network\4526  |t MATEC Web of Conferences 
463 0 |0 (RuTPU)RU\TPU\network\17893  |t Vol. 91 : Smart Grids 2017  |o The Fourth International Youth Forum, October 10-14, 2016, Tomsk, Russia  |o [proceedings]  |f National Research Tomsk Polytechnic University (TPU) ; eds P. A. Strizhak ; G. V. Kuznetsov ; A. O. Zhdanova  |v [01016, 4 p.]  |d 2017 
610 1 |a электронный ресурс 
610 1 |a труды учёных ТПУ 
610 1 |a проекты 
610 1 |a Smart grid 
610 1 |a интеллектуальные энергетические системы 
610 1 |a интеллектуальные энергосистемы 
610 1 |a инновационное развитие 
610 1 |a предпринимательская деятельность 
700 1 |a Chmykhalo  |b A. Yu.  |c philosopher  |c Associate Professor of Tomsk Polytechnic University, Candidate of Philosophical Sciences  |f 1973-  |g Aleksandr Yurievich  |3 (RuTPU)RU\TPU\pers\33621  |9 17279 
701 1 |a Khaliulina  |b V. R.  |g Vasilya 
701 1 |a Mikhaylova (Mikhailova)  |b O. V.  |c linguist  |c Senior Lecturer of Tomsk Polytechnic University, a leading expert  |f 1963-  |g Olga Vladimirovna  |3 (RuTPU)RU\TPU\pers\34315  |9 17824 
712 0 2 |a Национальный исследовательский Томский политехнический университет (ТПУ)  |b Институт социально-гуманитарных технологий (ИСГТ)  |b Кафедра истории и философии науки и техники (ИФНТ)  |3 (RuTPU)RU\TPU\col\21252 
712 0 2 |a Национальный исследовательский Томский политехнический университет (ТПУ)  |b Институт социально-гуманитарных технологий (ИСГТ)  |b Кафедра иностранных языков (ИЯСГТ)  |3 (RuTPU)RU\TPU\col\18376 
801 2 |a RU  |b 63413507  |c 20170203  |g RCR 
856 4 |u http://dx.doi.org/10.1051/matecconf/20179101016 
856 4 |u http://earchive.tpu.ru/handle/11683/36604 
942 |c CF